zpět

Detail výsledku týmu

Centrum Kosatec, Pardubice

Datum a čas kvízu

21.5 Celkem bodů Celkový počet nahraných bodů na tomto kvízu bez doplňovacích otázek.
11. Pořadí na kvízu Konečné umístění týmu na tomto kvízu.

Zaznamenané odpovědi

# Otázka Odpověď Body Výsledky
1. V posledních týdnech se do Čes... spalničky 0
2. Po skandálu s udělením milosti... Maďarsko 1
3. V přepočtu asi 40 milionů koru... The Beatles 1
4. Firma Google minulý týden přej... Gemini 1
5. V pondělí došlo ve španělské f... strčil hráči prst do zadku 0
6. Vítězné téma facebookového hla... 1B 2D 3C 4A 0
7. Dne 4. ledna 1997 došlo ke sňa... Havel, Veškrnová 0
8. Devadesátkovou klasikou je fil... Fuck Off Guys Good Day 0
9. V roce 1994 vyšel první díl he... Tekken 0
10. Ke které obci se v souvislosti... Drnovice 1